Catálogo público

Siembra con labranza cero en la agricultura de conservación / (Record no. 205278)

MARC details
000 -CABECERA
campo de control de longitud fija 00962nam a2200301Ia 4500
001 - NÚMERO DE CONTROL
campo de control Para_9731
003 - IDENTIFICADOR DEL NÚMERO DE CONTROL
campo de control CHAP
008 - DATOS DE LONGITUD FIJA--INFORMACIÓN GENERAL
campo de control de longitud fija 220125s2008 xx 000 0 und d
010 ## - NÚMERO DE CONTROL DE LA BIBLIOTECA DEL CONGRESO
Número de control de LC 205278
020 ## - NÚMERO INTERNACIONAL ESTÁNDAR DEL LIBRO
Número Internacional Estándar del Libro 978-92-5-305389-6 \ 978-84-200-1129-5
040 ## - FUENTE DE LA CATALOGACIÓN
Centro/agencia transcriptor CHAP
082 ## - NÚMERO DE LA CLASIFICACIÓN DECIMAL DEWEY
Número de clasificación PA 631.451 S54
245 ## - MENCIÓN DE TÍTULO
Título Siembra con labranza cero en la agricultura de conservación /
Mención de responsabilidad, etc. C.J. Baker ... [et al.] ; editado por C.J. Baker and K.E. Saxton
260 ## - PUBLICACIÓN, DISTRIBUCIÓN, ETC.
Lugar de publicación, distribución, etc. Zaragoza, España
300 ## - DESCRIPCIÓN FÍSICA
Extensión 391 p.
500 ## - NOTA GENERAL
Nota general Traducción de: No-tillage seeding in conservation agriculture
650 ## - PUNTO DE ACCESO ADICIONAL DE MATERIA--TÉRMINO DE MATERIA
Término de materia o nombre geográfico como elemento de entrada Agricultura de no labranza
9 (RLIN) 171287
650 ## - PUNTO DE ACCESO ADICIONAL DE MATERIA--TÉRMINO DE MATERIA
Término de materia o nombre geográfico como elemento de entrada Sistema de cultivo
9 (RLIN) 166934
700 ## - PUNTO DE ACCESO ADICIONAL--NOMBRE DE PERSONA
Nombre de persona Baker, C.J., colaborador
9 (RLIN) 171288
700 ## - PUNTO DE ACCESO ADICIONAL--NOMBRE DE PERSONA
Nombre de persona K.E. Saxton Keith, ed.
9 (RLIN) 171289
901 ## - ELEMENTOS DE DATOS A LOCAL LDA (RLIN)
a PA 631.451 S54
902 ## - ELEMENTOS DE DATOS B LOCAL, LDB (RLIN)
a M
905 ## - ELEMENTOS DE DATOS E LOCAL, LDE (RLIN)
a 5232202008 afn 8000000000 06
910 ## - DATOS DE OPCIÓN DEL USUARIO (OCLC)
Datos de opción del usuario 2008
942 ## - ELEMENTOS DE PUNTO DE ACCESO ADICIONAL (KOHA)
Tipo de ítem Koha Parasitologia_
942 ## - ELEMENTOS DE PUNTO DE ACCESO ADICIONAL (KOHA)
Tipo de ítem Koha Parasitologia_
-- 1
Holdings
Estado de retiro Estado de pérdida Fuente del sistema de clasificación o colocación Estado dañado No para préstamo Código de colección Localización permanente Ubicación/localización actual Fecha de adquisición Número de inventario Total de préstamos Signatura topográfica completa Código de barras Fecha visto por última vez Número de copia Precio válido a partir de Tipo de ítem Koha Nota pública Restricciones de uso Ubicación en estantería
    Dewey Decimal Classification     General Biblioteca Central Biblioteca Central 20/10/2023     631.451 S57 33724002555728 20/10/2023   20/10/2023 Libro   Préstamo 15 días Planta principal - Colección General
    Dewey Decimal Classification     General Parasitologia Agricola Parasitologia Agricola 24/08/2011 (PA_09763) (No. UACh C/E)   PA 631.451 S54 4102001568 25/01/2022 Ej.1 25/01/2022 Libro 3